[Event "13. Open del Sants 2011"]
[Site "Barcelona ESP"]
[Date "2011.08.19"]
[Round "1.1"]
[White "Smeets, Jan"]
[Black "Ballester Llagaria, Luis Eduard"]
[Result "1-0"]
[WhiteElo "2628"]
[BlackElo "2139"]
[PlyCount "57"]
[EventDate "2011.08.19"]
[EventType "swiss"]
[EventRounds "10"]
[EventCountry "ESP"]
[Source "lmi"]
[SourceDate "2011.08.19"]

1. d4 d5 2. c4 dxc4 3. e4 e5 4. Nf3 exd4 5. Bxc4 Nc6 6. O-O Be6 7. Bxe6 fxe6 8.
Qb3 Qd7 9. Qxb7 Rb8 10. Qa6 Bd6 11. Nbd2 Nf6 12. Qc4 Rb4 13. Qd3 O-O 14. a3
Rbb8 15. b4 e5 16. Nc4 Rbe8 17. Bd2 Kh8 18. Rac1 Nh5 19. Qe2 Nf4 20. Bxf4 Rxf4
21. Ne1 Qe6 22. Nd3 Rf6 23. Nxd6 Qxd6 24. Rc5 a6 25. Rfc1 Na7 26. Rd5 Qb6 27.
Rxe5 Rxe5 28. Nxe5 Nb5 29. Nd7 1-0

[Event "13. Open del Sants 2011"]
[Site "Barcelona ESP"]
[Date "2011.08.19"]
[Round "1.2"]
[White "Schmidt, Ralf"]
[Black "Sadler, Matthew D"]
[Result "0-1"]
[WhiteElo "2138"]
[BlackElo "2625"]
[PlyCount "76"]
[EventDate "2011.08.19"]
[EventType "swiss"]
[EventRounds "10"]
[EventCountry "ESP"]
[Source "lmi"]
[SourceDate "2011.08.19"]

1. f4 c5 2. Nf3 g6 3. e3 Bg7 4. d3 d6 5. Be2 Nc6 6. O-O e5 7. c3 h6 8. Na3 Nge7
9. Nc2 O-O 10. Qe1 f5 11. Qg3 e4 12. Nh4 Kh7 13. d4 Be6 14. Rd1 Qe8 15. Qh3 Qf7
16. b3 Rac8 17. g4 cxd4 18. exd4 fxg4 19. Bxg4 Bxg4 20. Qxg4 g5 21. Ng2 Nd5 22.
Rf1 Nxc3 23. Be3 Qf5 24. Qxf5+ Rxf5 25. fxg5 Ne2+ 26. Kh1 Rxf1+ 27. Rxf1 hxg5
28. d5 Ne5 29. Nce1 Nc3 30. Bxg5 Nxd5 31. Ne3 Nxe3 32. Bxe3 a6 33. Rf4 d5 34.
Kg2 Rc3 35. Kf2 Kg6 36. Rh4 Bf6 37. Rh3 Ng4+ 38. Ke2 d4 0-1

[Event "13. Open del Sants 2011"]
[Site "Barcelona ESP"]
[Date "2011.08.19"]
[Round "1.3"]
[White "Kovalyov, Anton"]
[Black "De Andres Gonalons, Fernando"]
[Result "1-0"]
[WhiteElo "2612"]
[BlackElo "2137"]
[PlyCount "59"]
[EventDate "2011.08.19"]
[EventType "swiss"]
[EventRounds "10"]
[EventCountry "ESP"]
[Source "lmi"]
[SourceDate "2011.08.19"]

1. c4 e6 2. g3 d5 3. Bg2 Nf6 4. Nf3 dxc4 5. Qa4+ Nbd7 6. Qxc4 c5 7. a4 Bd6 8.
O-O O-O 9. d4 Qe7 10. dxc5 Bxc5 11. Nc3 h6 12. a5 a6 13. Na4 Bb4 14. Bd2 Bxd2
15. Nxd2 Rb8 16. Qb3 e5 17. Rfc1 Rd8 18. Nc4 Nf8 19. Qe3 e4 20. Ncb6 Bf5 21.
Rc5 Bg6 22. Rac1 Ne6 23. R5c4 Qe8 24. h3 Qb5 25. b4 Kh7 26. Nc3 Qf5 27. Nxe4
Nxe4 28. Rxe4 Qf6 29. Re5 Nd4 30. Nd5 1-0

[Event "13. Open del Sants 2011"]
[Site "Barcelona ESP"]
[Date "2011.08.19"]
[Round "1.4"]
[White "Fernandez Diaz, Cristian"]
[Black "Iturrizaga, Eduardo"]
[Result "0-1"]
[WhiteElo "2134"]
[BlackElo "2603"]
[PlyCount "52"]
[EventDate "2011.08.19"]
[EventType "swiss"]
[EventRounds "10"]
[EventCountry "ESP"]
[Source "lmi"]
[SourceDate "2011.08.19"]

1. e4 c5 2. Nf3 g6 3. d4 cxd4 4. Nxd4 Nc6 5. Nc3 Bg7 6. Be3 Nf6 7. Bc4 O-O 8.
Bb3 d6 9. f3 Bd7 10. Qd2 Nxd4 11. Bxd4 b5 12. h4 a5 13. a4 bxa4 14. Nxa4 Be6
15. Bxe6 fxe6 16. O-O Rb8 17. b3 Qc7 18. Nb2 Rb4 19. Bc3 Nxe4 20. fxe4 Qxc3 21.
Rxf8+ Kxf8 22. Rf1+ Ke8 23. Qxc3 Bxc3 24. Nc4 a4 25. Rf3 Rxc4 26. bxc4 Bb2 0-1

[Event "13. Open del Sants 2011"]
[Site "Barcelona ESP"]
[Date "2011.08.19"]
[Round "1.5"]
[White "Gopal, G N."]
[Black "Gurevich, Daniel"]
[Result "1-0"]
[WhiteElo "2576"]
[BlackElo "2134"]
[PlyCount "71"]
[EventDate "2011.08.19"]
[EventType "swiss"]
[EventRounds "10"]
[EventCountry "ESP"]
[Source "lmi"]
[SourceDate "2011.08.19"]

1. e4 c5 2. Nf3 g6 3. c3 Bg7 4. d4 cxd4 5. cxd4 d5 6. e5 Bg4 7. Bb5+ Nc6 8.
Nbd2 Nh6 9. Bxc6+ bxc6 10. Nb3 O-O 11. h3 Bxf3 12. Qxf3 f6 13. e6 Nf5 14. O-O
Qb6 15. Qd1 Nd6 16. Nc5 Rfd8 17. Nd7 Qc7 18. Bf4 Rxd7 19. exd7 e5 20. Be3 Qxd7
21. Rc1 Nf5 22. Qa4 Re8 23. Qxc6 Qxc6 24. Rxc6 exd4 25. Bd2 Re2 26. Rd1 Ne7 27.
Rc7 d3 28. Bc3 d4 29. Bxd4 Bh6 30. g3 d2 31. Kf1 Re4 32. Bc3 Nd5 33. Rc8+ Kf7
34. Bxd2 Rd4 35. Ke2 Ne7 36. Rc7 1-0

[Event "13. Open del Sants 2011"]
[Site "Barcelona ESP"]
[Date "2011.08.19"]
[Round "1.6"]
[White "Martin Capitan, Feliciano"]
[Black "Cordova, Emilio"]
[Result "1/2-1/2"]
[WhiteElo "2133"]
[BlackElo "2567"]
[PlyCount "71"]
[EventDate "2011.08.19"]
[EventType "swiss"]
[EventRounds "10"]
[EventCountry "ESP"]
[Source "lmi"]
[SourceDate "2011.08.19"]

1. e4 c5 2. c4 d6 3. Nc3 g6 4. g3 Bg7 5. Bg2 Nc6 6. Nge2 Nf6 7. d3 a6 8. O-O
O-O 9. h3 Rb8 10. a4 Ne8 11. Be3 Nc7 12. d4 cxd4 13. Nxd4 Ne6 14. Nde2 Nc5 15.
Rb1 f5 16. Kh2 Ne5 17. b3 Nxe4 18. Nxe4 fxe4 19. Bxe4 b5 20. f4 Nf7 21. cxb5
axb5 22. Nd4 bxa4 23. Nc6 Qd7 24. g4 Rxb3 25. Rxb3 axb3 26. Qxb3 e6 27. f5 gxf5
28. gxf5 exf5 29. Rg1 Kh8 30. Rxg7 Kxg7 31. Bd4+ Kg6 32. Bxf5+ Kxf5 33. Qf3+
Ke6 34. Qf6+ Kd5 35. Qf3+ Ke6 36. Qf6+ 1/2-1/2

[Event "13. Open del Sants 2011"]
[Site "Barcelona ESP"]
[Date "2011.08.19"]
[Round "1.7"]
[White "Ipatov, Alexander"]
[Black "Silva Rodriguez, Julio"]
[Result "1-0"]
[WhiteElo "2562"]
[BlackElo "2133"]
[PlyCount "88"]
[EventDate "2011.08.19"]
[EventType "swiss"]
[EventRounds "10"]
[EventCountry "ESP"]
[Source "lmi"]
[SourceDate "2011.08.19"]

1. d4 d5 2. Bf4 Nf6 3. e3 c5 4. c3 Nc6 5. Nd2 Bf5 6. Qb3 Qb6 7. dxc5 Qxb3 8.
axb3 e5 9. Bg3 Bxc5 10. Ngf3 Nd7 11. b4 Bd6 12. Be2 f6 13. O-O O-O 14. Rfd1 Nb6
15. Nd4 Bg6 16. N4b3 Rfc8 17. f3 Bf8 18. Bf2 Bf7 19. e4 dxe4 20. fxe4 Nd7 21.
h3 b6 22. Nc4 Rc7 23. Nbd2 Rd8 24. Ne3 Ne7 25. Ndc4 Ng6 26. Nd6 Bb3 27. Bc4+
Bxc4 28. Ndxc4 Nf4 29. Kf1 Be7 30. Nd6 Bxd6 31. Rxd6 Kf7 32. h4 g6 33. g3 Ne6
34. Rad1 Ke7 35. R6d2 Rb7 36. Nd5+ Kf7 37. Be3 Nb8 38. Rf2 Nd7 39. Nxf6 Nxf6
40. Rxd8 Nxd8 41. Bg5 Ke6 42. Rxf6+ Kd7 43. Ke2 a6 44. Ke3 Rc7 1-0

[Event "13. Open del Sants 2011"]
[Site "Barcelona ESP"]
[Date "2011.08.19"]
[Round "1.8"]
[White "Sanchez Perales, Ezequiel"]
[Black "Swiercz, Dariusz"]
[Result "0-1"]
[WhiteElo "2129"]
[BlackElo "2553"]
[PlyCount "90"]
[EventDate "2011.08.19"]
[EventType "swiss"]
[EventRounds "10"]
[EventCountry "ESP"]
[Source "lmi"]
[SourceDate "2011.08.19"]

1. e4 c5 2. Nf3 d6 3. d4 cxd4 4. Nxd4 Nf6 5. Nc3 a6 6. f3 e5 7. Nb3 Be6 8. Bg5
Be7 9. Qd2 O-O 10. O-O-O Nbd7 11. h4 Qc7 12. g4 Rfc8 13. Bxf6 Nxf6 14. Rh2 b5
15. Kb1 b4 16. Nd5 Bxd5 17. exd5 Rcb8 18. Nc1 a5 19. b3 a4 20. Bc4 Ra5 21. g5
Nd7 22. Bd3 Nc5 23. Be4 axb3 24. cxb3 Rba8 25. Qxb4 Qa7 26. Rb2 Bd8 27. Bc2 Ra3
28. Qg4 Qe7 29. Rg1 Bb6 30. Rg2 Na6 31. Ne2 Bc5 32. h5 g6 33. hxg6 fxg6 34. Bd3
Nb4 35. Bc4 Nxa2 36. Kc2 Nb4+ 37. Kd2 Ra1 38. Qh3 Kh8 39. Rg4 Bf2 40. Rg2 Be1+
41. Ke3 Qa7+ 42. Ke4 Rf8 43. f4 Rxf4+ 44. Nxf4 Qd4+ 45. Kf3 Qxf4+ 0-1

[Event "13. Open del Sants 2011"]
[Site "Barcelona ESP"]
[Date "2011.08.19"]
[Round "1.9"]
[White "Alvarez Pedraza, Aramis"]
[Black "Dalmau, Jorgen"]
[Result "1-0"]
[WhiteElo "2551"]
[BlackElo "2122"]
[PlyCount "49"]
[EventDate "2011.08.19"]
[EventType "swiss"]
[EventRounds "10"]
[EventCountry "ESP"]
[Source "lmi"]
[SourceDate "2011.08.19"]

1. d4 Nf6 2. c4 g6 3. Nc3 Bg7 4. e4 d6 5. Bd3 c5 6. d5 O-O 7. Nge2 e5 8. h3 Na6
9. Bg5 Nb4 10. Bb1 h6 11. Be3 Kh7 12. a3 Na6 13. g4 Ng8 14. Bd3 Bf6 15. Qd2 Bg5
16. O-O-O Bxe3 17. Qxe3 Bd7 18. h4 f6 19. f4 Bxg4 20. Rdg1 h5 21. f5 Nh6 22.
fxg6+ Kxg6 23. Ng3 Kh7 24. Nf5 Nxf5 25. exf5 1-0

[Event "13. Open del Sants 2011"]
[Site "Barcelona ESP"]
[Date "2011.08.19"]
[Round "1.10"]
[White "Thomas, Fabien"]
[Black "Almeida Quintana, Omar"]
[Result "0-1"]
[WhiteElo "2120"]
[BlackElo "2548"]
[PlyCount "58"]
[EventDate "2011.08.19"]
[EventType "swiss"]
[EventRounds "10"]
[EventCountry "ESP"]
[Source "lmi"]
[SourceDate "2011.08.19"]

1. e4 g6 2. d4 Bg7 3. Nc3 d6 4. Be3 a6 5. Bc4 b5 6. Bb3 Bb7 7. f3 Nd7 8. Nge2
Rc8 9. O-O Ngf6 10. Nb1 c5 11. c3 O-O 12. Nd2 e5 13. Bc2 d5 14. Ng3 dxe4 15.
Ndxe4 cxd4 16. cxd4 Qb6 17. Bf2 Nxe4 18. Bxe4 exd4 19. Bxb7 Qxb7 20. Bxd4 Ne5
21. Ne2 Rfd8 22. Qb3 Rxd4 23. Nxd4 Qb6 24. Kh1 Qxd4 25. Rfd1 Qf4 26. Qa3 Bf8
27. Qb3 Nc6 28. g3 Qf6 29. Rd3 Na5 0-1

[Event "13. Open del Sants 2011"]
[Site "Barcelona ESP"]
[Date "2011.08.19"]
[Round "1.11"]
[White "Marin, Mihail"]
[Black "Balague Camps, Marc"]
[Result "1-0"]
[WhiteElo "2548"]
[BlackElo "2119"]
[PlyCount "77"]
[EventDate "2011.08.19"]
[EventType "swiss"]
[EventRounds "10"]
[EventCountry "ESP"]
[Source "lmi"]
[SourceDate "2011.08.19"]

1. d4 d5 2. Nf3 Nf6 3. c4 c6 4. e3 a6 5. Bd3 Bg4 6. Nbd2 b5 7. b3 e6 8. Bb2
Nbd7 9. O-O Be7 10. Qc2 Bxf3 11. Nxf3 h6 12. cxd5 cxd5 13. a4 bxa4 14. Rxa4 Qb6
15. Bc3 O-O 16. Rfa1 Rfc8 17. Qb2 Rab8 18. Bxa6 Rc6 19. Nd2 Qc7 20. Ba5 Qd6 21.
Bd3 Nb6 22. Rb4 g6 23. Rb5 Bd8 24. Bb4 Qc7 25. Bc5 Rb7 26. b4 Qb8 27. Qc2 Nbd7
28. Rxb7 Qxb7 29. g3 Ne8 30. Nf3 Bf6 31. Bxg6 fxg6 32. Qxg6+ Ng7 33. Ra7 Nxc5
34. Rxb7 Nxb7 35. Qxf6 Nd6 36. Qxh6 Rb6 37. Ng5 Nde8 38. Qg6 Rb7 39. h4 1-0

[Event "13. Open del Sants 2011"]
[Site "Barcelona ESP"]
[Date "2011.08.19"]
[Round "1.12"]
[White "Jiretorn, Eva"]
[Black "Narciso Dublan, Marc"]
[Result "1/2-1/2"]
[WhiteElo "2114"]
[BlackElo "2544"]
[PlyCount "75"]
[EventDate "2011.08.19"]
[EventType "swiss"]
[EventRounds "10"]
[EventCountry "ESP"]
[Source "lmi"]
[SourceDate "2011.08.19"]

1. d4 f5 2. g3 Nf6 3. Bg2 g6 4. Nd2 Bg7 5. e4 fxe4 6. Nxe4 Nxe4 7. Bxe4 d5 8.
Bg2 Nc6 9. c3 e5 10. dxe5 Nxe5 11. f4 Bg4 12. Qa4+ Bd7 13. Qd1 Nc6 14. Bxd5
Qe7+ 15. Qe2 O-O-O 16. Qxe7 Nxe7 17. Bf3 Bc6 18. Bd2 Rd3 19. Bxc6 Nxc6 20.
O-O-O b5 21. Kc2 Rhd8 22. Ne2 Rf3 23. Rhf1 Rxf1 24. Rxf1 Ne7 25. Be3 Re8 26.
Rf2 Nc6 27. Bc5 a6 28. Nd4 Bxd4 29. Bxd4 Nxd4+ 30. cxd4 Re1 31. Kd2 Rh1 32. Ke3
Kd7 33. g4 Rg1 34. h3 Rg3+ 35. Rf3 Rg2 36. Rf2 Rg3+ 37. Rf3 Rg2 38. Rf2 1/2-1/2

[Event "13. Open del Sants 2011"]
[Site "Barcelona ESP"]
[Date "2011.08.19"]
[Round "1.13"]
[White "Cuartas, Jaime Alexander"]
[Black "Aghayev, Miragha"]
[Result "1-0"]
[WhiteElo "2542"]
[BlackElo "2112"]
[PlyCount "95"]
[EventDate "2011.08.19"]
[EventType "swiss"]
[EventRounds "10"]
[EventCountry "ESP"]
[Source "lmi"]
[SourceDate "2011.08.19"]

1. e4 c5 2. Nf3 d6 3. d4 cxd4 4. Nxd4 Nf6 5. Nc3 a6 6. g3 e5 7. Nde2 Be7 8. Bg2
O-O 9. O-O Be6 10. h3 Nbd7 11. g4 Bc4 12. b3 Bxe2 13. Nxe2 b5 14. Ng3 Nc5 15.
Nf5 Ra7 16. Re1 Rd7 17. Bd2 g6 18. Nxe7+ Qxe7 19. a4 Rb8 20. axb5 axb5 21. Qf3
b4 22. Bf1 Ne6 23. Bc4 Nd4 24. Qd3 d5 25. exd5 Nxd5 26. Ra5 Qd8 27. Rea1 Nf4
28. Bxf4 exf4 29. Ra7 Qe8 30. Rxd7 Qxd7 31. Ra5 Qc7 32. Rd5 Ne6 33. Rd7 Qe5 34.
Bxe6 Qa1+ 35. Kh2 fxe6 36. Rd8+ Rxd8 37. Qxd8+ Kf7 38. Qc7+ Kg8 39. Qb8+ Kg7
40. Qxb4 Qe5 41. Qb7+ Kf6 42. Kg2 h6 43. b4 Qc3 44. Qe4 Kg5 45. b5 e5 46. b6
Kh4 47. Qxg6 Qxh3+ 48. Kg1 1-0

[Event "13. Open del Sants 2011"]
[Site "Barcelona ESP"]
[Date "2011.08.19"]
[Round "1.14"]
[White "Carre, Sylvain"]
[Black "Adhiban, B."]
[Result "1/2-1/2"]
[WhiteElo "2108"]
[BlackElo "2542"]
[PlyCount "96"]
[EventDate "2011.08.19"]
[EventType "swiss"]
[EventRounds "10"]
[EventCountry "ESP"]
[Source "lmi"]
[SourceDate "2011.08.19"]

1. d4 Nf6 2. Nf3 g6 3. Bf4 Bg7 4. e3 d6 5. Be2 O-O 6. O-O Nfd7 7. h3 e5 8. Bh2
Nc6 9. c4 f5 10. Nc3 h6 11. b4 Nxb4 12. Qb3 c5 13. dxc5 dxc5 14. Rad1 Qe7 15.
Nd5 Nxd5 16. cxd5 Qd6 17. Nd2 Nb6 18. a4 Bd7 19. Nc4 Nxc4 20. Bxc4 b6 21. Rb1
f4 22. e4 f3 23. Bb5 Rac8 24. Rfc1 g5 25. Bxd7 Qxd7 26. d6+ Kh7 27. Qd5 fxg2
28. a5 Qxh3 29. axb6 Rxf2 30. Kxf2 Rf8+ 31. Ke2 Qxh2 32. Kd3 g1=Q 33. Rxg1 axb6
34. Kc4 Qa2+ 35. Kb5 Qa5+ 36. Kc6 Rc8+ 37. Kd7 Rb8 38. Ke7 Qa7+ 39. d7 Qc7 40.
Rgf1 b5 41. Rf7 Qd8+ 42. Kd6 Rb6+ 43. Kxc5 Qc7+ 44. Kb4 Rd6 45. Rxg7+ Kxg7 46.
Qxe5+ Kg6 47. Qf5+ Kg7 48. Qe5+ Kg6 1/2-1/2

[Event "13. Open del Sants 2011"]
[Site "Barcelona ESP"]
[Date "2011.08.19"]
[Round "1.15"]
[White "Aroshidze, Levan"]
[Black "Marchador Villalba, Jordi"]
[Result "1-0"]
[WhiteElo "2539"]
[BlackElo "2106"]
[PlyCount "45"]
[EventDate "2011.08.19"]
[EventType "swiss"]
[EventRounds "10"]
[EventCountry "ESP"]
[Source "lmi"]
[SourceDate "2011.08.19"]

1. e4 Nf6 2. e5 Nd5 3. d4 d6 4. c4 Nb6 5. exd6 cxd6 6. Nc3 g6 7. Be3 Bg7 8. h3
O-O 9. Nf3 Nc6 10. Rc1 e5 11. dxe5 dxe5 12. c5 Qxd1+ 13. Rxd1 Nd7 14. Bc4 Nd4
15. Ne4 Nc2+ 16. Ke2 Nxe3 17. fxe3 a5 18. Nfg5 h6 19. Nxf7 Kh7 20. Rdf1 b6 21.
c6 Nc5 22. Nxc5 bxc5 23. Nd6 1-0

[Event "13. Open del Sants 2011"]
[Site "Barcelona ESP"]
[Date "2011.08.19"]
[Round "1.16"]
[White "Gluszko, Monika"]
[Black "Bacallao Alonso, Yusnel"]
[Result "0-1"]
[WhiteElo "2103"]
[BlackElo "2532"]
[PlyCount "72"]
[EventDate "2011.08.19"]
[EventType "swiss"]
[EventRounds "10"]
[EventCountry "ESP"]
[Source "lmi"]
[SourceDate "2011.08.19"]

1. e4 c5 2. Nf3 e6 3. d4 cxd4 4. Nxd4 a6 5. Bd3 Bc5 6. Nb3 Be7 7. Nc3 Nc6 8. f4
d6 9. a4 b6 10. O-O Nf6 11. Bd2 Qc7 12. Qf3 Bb7 13. a5 bxa5 14. Ne2 d5 15. e5
Ne4 16. Bxe4 dxe4 17. Qg3 O-O 18. Nxa5 Nxa5 19. Bxa5 Qxc2 20. Nc3 Rac8 21. Kh1
Ba8 22. Rf2 Qb3 23. Nxe4 Qa4 24. Nf6+ Kh8 25. Rff1 Qb5 26. Nh5 g6 27. Nf6 Rc2
28. Rg1 Qxb2 29. Rad1 Bxf6 30. exf6 Qxf6 31. Rd6 Qf5 32. Rxa6 Rfc8 33. Bb6 e5
34. Be3 exf4 35. Bxf4 Rxg2 36. Rxg2 Qb1+ 0-1

[Event "13. Open del Sants 2011"]
[Site "Barcelona ESP"]
[Date "2011.08.19"]
[Round "1.17"]
[White "Kunte, Abhijit"]
[Black "Segarra Calderer, Albert"]
[Result "1-0"]
[WhiteElo "2528"]
[BlackElo "2099"]
[PlyCount "47"]
[EventDate "2011.08.19"]
[EventType "swiss"]
[EventRounds "10"]
[EventCountry "ESP"]
[Source "lmi"]
[SourceDate "2011.08.19"]

1. d4 d5 2. c4 dxc4 3. Nf3 c5 4. d5 Nf6 5. Nc3 e6 6. e4 exd5 7. exd5 Bd6 8.
Bxc4 O-O 9. O-O a6 10. Bg5 Bf5 11. Bd3 Bg6 12. Bxg6 fxg6 13. Ne4 Qc7 14. Bxf6
gxf6 15. Re1 Nd7 16. Nxd6 Qxd6 17. Re6 Qc7 18. Qe2 Rad8 19. Rd1 Qc8 20. Re7
Rfe8 21. Qe6+ Kh8 22. d6 Rf8 23. Qh3 h5 24. Nh4 1-0

[Event "13. Open del Sants 2011"]
[Site "Barcelona ESP"]
[Date "2011.08.19"]
[Round "1.18"]
[White "Vinzoni, Andrea"]
[Black "Gonzalez Garcia, Jose"]
[Result "0-1"]
[WhiteElo "2095"]
[BlackElo "2522"]
[PlyCount "68"]
[EventDate "2011.08.19"]
[EventType "swiss"]
[EventRounds "10"]
[EventCountry "ESP"]
[Source "lmi"]
[SourceDate "2011.08.19"]

1. d4 Nf6 2. c4 e6 3. Nc3 Bb4 4. e3 d5 5. Bd3 O-O 6. Nf3 c5 7. O-O Nc6 8. a3
Bxc3 9. bxc3 Qc7 10. Nd2 dxc4 11. Bxc4 e5 12. d5 Na5 13. Ba2 e4 14. f3 exf3 15.
Qxf3 Qe5 16. Bb2 Ng4 17. Qf4 b6 18. Rae1 Qxf4 19. exf4 Ba6 20. c4 Rfe8 21. Be5
f6 22. h3 fxe5 23. hxg4 exf4 24. Rxe8+ Rxe8 25. Rxf4 g5 26. Rf5 Re2 27. Rf2
Re1+ 28. Rf1 Rxf1+ 29. Kxf1 Kg7 30. Kf2 h6 31. Kf3 Kf6 32. Ke4 Bc8 33. Nf3 Bxg4
34. Ne5 Bf5+ 0-1

[Event "13. Open del Sants 2011"]
[Site "Barcelona ESP"]
[Date "2011.08.19"]
[Round "1.19"]
[White "Garcia-Castany Musellas, Gal La"]
[Black "Robin, Samy"]
[Result "0-1"]
[WhiteElo "1980"]
[BlackElo "2306"]
[PlyCount "62"]
[EventDate "2011.08.19"]
[EventType "swiss"]
[EventRounds "10"]
[EventCountry "ESP"]
[Source "lmi"]
[SourceDate "2011.08.19"]

1. e4 e5 2. Nf3 Nc6 3. Bc4 Nf6 4. Ng5 d5 5. exd5 Na5 6. Bb5+ c6 7. dxc6 bxc6 8.
Bd3 Nd5 9. Nf3 Bd6 10. O-O O-O 11. Re1 Qc7 12. Bf1 f5 13. d3 c5 14. Na3 a6 15.
Bd2 Nb4 16. Bc3 Re8 17. h3 Bb7 18. Nd2 Nac6 19. Nac4 Nd4 20. Bxb4 cxb4 21. c3
Nc6 22. Qb3 Kh8 23. Nxd6 Qxd6 24. Nc4 Qg6 25. a3 Rad8 26. axb4 Rxd3 27. b5 Nd4
28. Nxe5 Rxe5 29. bxa6 Rxe1 30. axb7 Ne2+ 31. Kh1 Rxh3+ 0-1

[Event "13. Open del Sants 2011"]
[Site "Barcelona ESP"]
[Date "2011.08.19"]
[Round "1.20"]
[White "Martin Perez, Laura"]
[Black "Ryan, Joseph"]
[Result "0-1"]
[WhiteElo "1946"]
[BlackElo "2267"]
[PlyCount "84"]
[EventDate "2011.08.19"]
[EventType "swiss"]
[EventRounds "10"]
[EventCountry "ESP"]
[Source "lmi"]
[SourceDate "2011.08.19"]

1. e4 e6 2. d4 d5 3. Bd3 dxe4 4. Bxe4 Nf6 5. Bf3 c5 6. Ne2 Nc6 7. Be3 cxd4 8.
Nxd4 Ne5 9. Nc3 a6 10. O-O Be7 11. g3 Nxf3+ 12. Qxf3 O-O 13. h4 Qa5 14. Rad1
Bd7 15. Rfe1 Qb4 16. Bg5 Qxb2 17. Rb1 Qa3 18. Rxb7 Rac8 19. Rb3 Qc5 20. Be3 Qh5
21. Bg5 Qxf3 22. Nxf3 Bc6 23. Ne5 Ba8 24. Nd7 Rfd8 25. Nb6 Rxc3 26. Rxc3 Bb4
27. Bxf6 gxf6 28. Nxa8 Bxc3 29. Re3 Bd2 30. Rd3 Rxd3 31. cxd3 Ba5 32. f4 f5 33.
Kf2 h5 34. Ke3 Kf8 35. Kd4 Ke7 36. Kc5 Kd7 37. Nb6+ Kc7 38. Nc4 Be1 39. Ne3 Bf2
40. Kd4 Kd6 41. g4 fxg4 42. Ke4 f5+ 0-1

[Event "13. Open del Sants 2011"]
[Site "Barcelona ESP"]
[Date "2011.08.20"]
[Round "2.1"]
[White "Swathi, Ghate"]
[Black "Smeets, Jan"]
[Result "0-1"]
[WhiteElo "2300"]
[BlackElo "2628"]
[PlyCount "74"]
[EventDate "2011.08.19"]
[EventType "swiss"]
[EventRounds "10"]
[EventCountry "ESP"]
[Source "lmi"]
[SourceDate "2011.08.19"]

1. e4 c5 2. Nf3 d6 3. d4 cxd4 4. Nxd4 Nf6 5. Nc3 a6 6. Be3 Ng4 7. Bg5 h6 8. Bh4
g5 9. Bg3 Bg7 10. Be2 h5 11. h3 h4 12. Bxg4 hxg3 13. f3 Nc6 14. Nxc6 Qb6 15.
Nd4 Bxd4 16. Nd5 Qc5 17. b4 Bc3+ 18. Ke2 Qf2+ 19. Kd3 Qd4+ 20. Ke2 Bxa1 21.
Qxa1 Qxa1 22. Rxa1 Rb8 23. Bxc8 Rxc8 24. Kd3 e6 25. Ne3 Ke7 26. a4 Rhf8 27. Nf1
d5 28. exd5 Rfd8 29. Ne3 f5 30. c4 f4 31. Nc2 b5 32. axb5 axb5 33. Ra7+ Kf6 34.
c5 Rxd5+ 35. Kc3 Rcd8 36. c6 Rd3+ 37. Kb2 Rc8 0-1

[Event "13. Open del Sants 2011"]
[Site "Barcelona ESP"]
[Date "2011.08.20"]
[Round "2.2"]
[White "Sadler, Matthew D"]
[Black "Simonian, Tigran"]
[Result "1-0"]
[WhiteElo "2625"]
[BlackElo "2294"]
[PlyCount "67"]
[EventDate "2011.08.19"]
[EventType "swiss"]
[EventRounds "10"]
[EventCountry "ESP"]
[Source "lmi"]
[SourceDate "2011.08.19"]

1. e4 c5 2. Nf3 Nc6 3. Bb5 e6 4. Bxc6 bxc6 5. d3 Ne7 6. Qe2 d5 7. b3 Ng6 8. e5
Be7 9. Nbd2 f6 10. Bb2 O-O 11. g3 f5 12. h4 Bd7 13. Ng5 Bxg5 14. hxg5 Qxg5 15.
Ba3 f4 16. Rh5 Qe7 17. d4 Rf5 18. Bxc5 Qf7 19. Rh2 a5 20. a4 Bc8 21. O-O-O Ba6
22. Qe1 f3 23. Qe3 Be2 24. Rdh1 h6 25. Nb1 Rb8 26. Nc3 Ba6 27. Qd2 Ra8 28. Kb2
Rg5 29. Na2 Rg4 30. Qxa5 Rxg3 31. fxg3 f2 32. Nb4 f1=Q 33. Rxf1 Qxf1 34. Qc7
1-0

[Event "13. Open del Sants 2011"]
[Site "Barcelona ESP"]
[Date "2011.08.20"]
[Round "2.3"]
[White "Gachet, Sebastien"]
[Black "Kovalyov, Anton"]
[Result "0-1"]
[WhiteElo "2285"]
[BlackElo "2612"]
[PlyCount "88"]
[EventDate "2011.08.19"]
[EventType "swiss"]
[EventRounds "10"]
[EventCountry "ESP"]
[Source "lmi"]
[SourceDate "2011.08.19"]

1. d4 Nf6 2. Nf3 e6 3. Bg5 h6 4. Bh4 c5 5. c3 b6 6. e3 Bb7 7. Nbd2 Be7 8. Rc1
O-O 9. Bd3 Nc6 10. O-O cxd4 11. exd4 d6 12. Re1 Nb8 13. Bxf6 Bxf6 14. Be4 Qc7
15. Bxb7 Qxb7 16. Ne4 Be7 17. Ng3 Rc8 18. Qd3 Nd7 19. Nh5 Qd5 20. Nf4 Qxa2 21.
Qb5 Nf6 22. Nd2 a6 23. Qxb6 Bd8 24. Qb7 Rab8 25. Qf3 Qxb2 26. Qd3 Qb5 27. c4
Qd7 28. Ne4 Nxe4 29. Qxe4 Bg5 30. c5 Rb4 31. cxd6 Rd8 32. Rb1 Rxb1 33. Rxb1
Qxd6 34. Ne2 Bf6 35. Rd1 a5 36. g3 a4 37. Ra1 Qa6 38. Ra2 Qc4 39. Qc2 Qxc2 40.
Rxc2 a3 41. Ra2 Be7 42. Kf1 Rb8 43. Nc3 Rb3 44. Rc2 Bf6 0-1

[Event "13. Open del Sants 2011"]
[Site "Barcelona ESP"]
[Date "2011.08.20"]
[Round "2.4"]
[White "Iturrizaga, Eduardo"]
[Black "Lopez Agustench, Eduard"]
[Result "1-0"]
[WhiteElo "2603"]
[BlackElo "2281"]
[PlyCount "59"]
[EventDate "2011.08.19"]
[EventType "swiss"]
[EventRounds "10"]
[EventCountry "ESP"]
[Source "lmi"]
[SourceDate "2011.08.19"]

1. Nf3 c5 2. c4 Nf6 3. Nc3 e6 4. g3 b6 5. Bg2 Bb7 6. O-O a6 7. Re1 Be7 8. e4 d6
9. d4 cxd4 10. Nxd4 Qc8 11. Be3 Nbd7 12. f4 O-O 13. Rc1 g6 14. b4 e5 15. Nb3
Qc7 16. a4 Rac8 17. Nd5 Bxd5 18. exd5 Rfe8 19. a5 Rb8 20. fxe5 Nxe5 21. axb6
Rxb6 22. Qd2 Qb8 23. Bxb6 Qxb6+ 24. c5 Qa7 25. Na5 Nfg4 26. h3 dxc5 27. hxg4
cxb4+ 28. Kf1 Nxg4 29. Bf3 Qd7 30. Nc6 1-0

[Event "13. Open del Sants 2011"]
[Site "Barcelona ESP"]
[Date "2011.08.20"]
[Round "2.5"]
[White "Lillo Castay, Victor"]
[Black "Gopal, G N."]
[Result "0-1"]
[WhiteElo "2281"]
[BlackElo "2576"]
[PlyCount "76"]
[EventDate "2011.08.19"]
[EventType "swiss"]
[EventRounds "10"]
[EventCountry "ESP"]
[Source "lmi"]
[SourceDate "2011.08.19"]

1. e4 c5 2. Nf3 d6 3. d4 cxd4 4. Nxd4 Nf6 5. Nc3 a6 6. f4 Nbd7 7. Be2 g6 8. O-O
Bg7 9. a4 O-O 10. Kh1 Re8 11. Bf3 e5 12. Nb3 exf4 13. Bxf4 Ne5 14. Qe1 Nxf3 15.
gxf3 Nh5 16. Be3 f5 17. Rd1 fxe4 18. Nxe4 Bh3 19. Rf2 d5 20. c4 dxe4 21. Rxd8
Raxd8 22. f4 Bg4 23. Rd2 Rc8 24. Na5 Rf8 25. Qh4 Bf3+ 26. Kg1 b6 27. Nb7 Rxc4
28. Rd8 Nf6 29. Rxf8+ Kxf8 30. Qe1 Ng4 31. Qd2 Bf6 32. b3 Rc3 33. Bxb6 Rd3 34.
Qc2 Rd1+ 35. Qxd1 Bxd1 36. h3 Nh6 37. Nc5 Bd4+ 38. Kf1 Bxc5 0-1